Guess the Ariana Grande song by the lyrics #2 - Statistics

General Stats
  • This quiz has been taken 46 times
  • The average score is 7 of 15
Answer Stats
lyrics song % Correct
'damn baby I'm a trainwreck too' boyfriend (with Social House)
74%
'and kiss me underneath the moonlight' Tattooed Heart
67%
'I could buy you everything, but I cannot buy you' R.E.M
60%
'cause we both know what we want,so why don't we fall in love' Touch It
60%
'universe must have my back, fell from the sky into my lap' pete davidson
56%
'and if they try come stoppin' me, I show them my discography' MONOPOLY (with Victoria Monét)
53%
'I'm never gonna change, I'm always gonna stay' Right There
51%
'diamonds good for my appetite' shut up
47%
'down like my head on your chest' six thirty
47%
'gotta keep a slim ego for a thick wallet' just like magic
37%
'somethin' about him is made for somebody like me' the boy is mine
33%
'I've never seen a man with so much dimension' Daydreamin'
26%
'you don't gotta bring no stuff,we got all we need right here' west side
26%
'the girl you see in photographs is only a part of the one I am' You Don't Know Me
21%
'don't let these eyes fool you' Hands On Me
14%
No matching quizzes found
Score Distribution
Percent of People with Each Score
Percentile by Number Answered
Your Score History
You have not taken this quiz